Türkçenin dünü ve yarını / (Record no. 200425932)
[ view plain ]
| 000 -LEADER | |
|---|---|
| fixed length control field | 00879nam a2200301 a 4500 |
| 003 - CONTROL NUMBER IDENTIFIER | |
| control field | TR-AnTOB |
| 005 - DATE AND TIME OF LATEST TRANSACTION | |
| control field | 20190322123537.0 |
| 008 - FIXED-LENGTH DATA ELEMENTS--GENERAL INFORMATION | |
| fixed length control field | 020122s1983 tu b 000 0 tur |
| 040 ## - CATALOGING SOURCE | |
| Original cataloging agency | ITU |
| Language of cataloging | eng |
| Transcribing agency | TR-AnTOB |
| Modifying agency | TR-AnTOB |
| Description conventions | rda |
| 041 ## - LANGUAGE CODE | |
| Language code of text/sound track or separate title | Türkçe |
| 049 ## - LOCAL HOLDINGS (OCLC) | |
| Holding library | DILI |
| 050 00 - LIBRARY OF CONGRESS CALL NUMBER | |
| Classification number | PL115 |
| Item number | .G85 1983 |
| 090 ## - LOCALLY ASSIGNED LC-TYPE CALL NUMBER (OCLC); LOCAL CALL NUMBER (RLIN) | |
| Classification number (OCLC) (R) ; Classification number, CALL (RLIN) (NR) | PL115 |
| Local cutter number (OCLC) ; Book number/undivided call number, CALL (RLIN) | .G85 1983 |
| 100 1# - MAIN ENTRY--PERSONAL NAME | |
| Personal name | Gültekin, Mehmet Bedri, |
| Dates associated with a name | 1953- |
| 245 10 - TITLE STATEMENT | |
| Title | Türkçenin dünü ve yarını / |
| Statement of responsibility, etc. | M. Bedri Gültekin. |
| 264 ## - PRODUCTION, PUBLICATION, DISTRIBUTION, MANUFACTURE, AND COPYRIGHT NOTICE | |
| Place of production, publication, distribution, manufacture | Ankara : |
| Name of producer, publisher, distributor, manufacturer | Kaynak, |
| Date of production, publication, distribution, manufacture, or copyright notice | 1983. |
| 300 ## - PHYSICAL DESCRIPTION | |
| Extent | 101 pages |
| Dimensions | 23 cm |
| 336 ## - CONTENT TYPE | |
| Source | rdacontent |
| Content type term | text |
| 337 ## - MEDIA TYPE | |
| Source | rdamedia |
| Media type term | unmediated |
| 338 ## - CARRIER TYPE | |
| Source | rdacarrier |
| Carrier type term | volume |
| 490 0# - SERIES STATEMENT | |
| Series statement | Kaynak Yayınları ; |
| Volume/sequential designation | 16. |
| 504 ## - BIBLIOGRAPHY, ETC. NOTE | |
| Bibliography, etc. note | |
| 590 ## - LOCAL NOTE (RLIN) | |
| Local note | Donated by Nermin Çaker. |
| 650 #0 - SUBJECT ADDED ENTRY--TOPICAL TERM | |
| Topical term or geographic name entry element | Turkish language |
| Chronological subdivision | 20th century. |
| Topical term or geographic name entry element | Türk dili |
| Chronological subdivision | 20. yüzyıl. |
| 942 ## - ADDED ENTRY ELEMENTS (KOHA) | |
| Source of classification or shelving scheme | Library of Congress Classification |
| Koha item type | Book |
| Withdrawn status | Lost status | Source of classification or shelving scheme | Not for loan | Collection code | Home library | Current library | Shelving location | Date acquired | Source of acquisition | Cost, normal purchase price | Inventory number | Total Checkouts | Full call number | Barcode | Date last seen | Copy number | Date shelved | Koha item type |
|---|---|---|---|---|---|---|---|---|---|---|---|---|---|---|---|---|---|---|
| Library of Congress Classification | Ödünç Verilebilir / Available | Genel Koleksiyon | Merkez Kütüphane | Merkez Kütüphane | Genel Koleksiyon / Main Collection | 27/08/2015 | Bağış / Donation | 0.01 | TDE | PL115 .G85 1983 | 0052062 | 16/02/2017 | 1 | 16/02/2017 | Book |
